[Event "Itau Cup 450th Ann"]
[Site "Sao Paulo BRA"]
[Date "2004.01.18"]
[Round "3"]
[White "Da Mata,L"]
[Black "Panno,O"]
[Result "0-1"]
[WhiteElo "2122"]
[BlackElo "2485"]

1.e4 c5 2.Nf3 e6 3.d4 cxd4 4.Nxd4 a6 5.Nc3 Qc7 6.Be3 Bb4 7.Qd2 Nf6 8.f3 d5
9.a3 Bxc3 10.Qxc3 Qxc3+ 11.bxc3 dxe4 12.Be2 Nbd7 13.Nb3 b6 14.O-O-O Bb7 15.f4 Nd5
16.Kd2 Ke7 17.c4 Nxe3 18.Kxe3 Rhc8 19.Rb1 Rc7 20.Rb2 f5 21.Rhb1 Rd8 22.a4 a5
23.c5 Nxc5 24.Nxc5 Rxc5 25.Rxb6 Rc3+ 26.Kf2 Bc6 27.Bb5 Rxc2+ 28.Ke1 Bd5 29.Be2 Ra2
30.Rc1 e3 31.Ra6 Ra8 32.Rb6 Rxa4 33.g3 Rb4 34.Bb5 Bf3 35.h4 a4 36.Rc7+ Kf8  0-1

[Event "GMB"]
[Site "Wijk aan Zee NED"]
[Date "2004.01.20"]
[Round "9"]
[White "Van der Wiel,J"]
[Black "Nijboer,F"]
[Result "1-0"]
[WhiteElo "2542"]
[BlackElo "2586"]

1.e4 c5 2.Nf3 e6 3.d4 cxd4 4.Nxd4 a6 5.Nc3 b5 6.Bd3 Qb6 7.Nb3 Qc7 8.Qe2 Bb7
9.a4 b4 10.Nb1 Ne7 11.N1d2 d5 12.Nf3 Nd7 13.O-O dxe4 14.Bxe4 Nd5 15.Nfd4 Be7
16.Re1 N7f6 17.Bf3 O-O 18.Bd2 Rfe8 19.Rac1 Bd6 20.g3 Rac8 21.Bg2 Qb6 22.c4 bxc3
23.bxc3 Ba3 24.Rb1 Qc7 25.Na5 Nxc3 26.Bxc3 Bxg2 27.Rb3 Ne4 28.Kxg2 Nxc3 29.Qxa6 Qc5
30.Nac6 e5 31.Rxe5 Nd5 32.Rb5 Qc4 33.Rexd5 Ra8 34.Qb7 Bb2 35.Ne5 Qxa4 36.Qxf7+ Kh8
37.Ne6 Qe4+ 38.f3 Qe2+ 39.Kh3 Bxe5 40.Rxe5 Qf1+ 41.Kh4 Rg8 42.Qf5 Ra2 43.h3 Ra6
44.Ng5 Rh6+ 45.Kg4 Rg6 46.Rb6 Rxg5+ 47.Qxg5 Rf8 48.f4 Kg8 49.Rb7 g6 50.Rxh7  1-0

[Event "It"]
[Site "Bermuda BER"]
[Date "2004.01.22"]
[Round "7"]
[White "Iordachescu,V"]
[Black "Macieja,B"]
[Result "1/2-1/2"]
[WhiteElo "2634"]
[BlackElo "2653"]

1.e4 c5 2.Nf3 e6 3.Nc3 a6 4.d4 cxd4 5.Nxd4 Nc6 6.Be3 Qc7 7.Qd2 Nf6 8.O-O-O Bb4
9.f3 Ne5 10.Nb3 b5 11.Qe1 Bxc3 12.Qxc3 Qxc3 13.bxc3 d5 14.Bd4 Ned7 15.exd5 Nxd5
16.Bxg7 Rg8 17.Bd4 Bb7 18.c4 bxc4 19.Na5 O-O-O 20.Nxc4 Kc7 21.Rd2 f6 22.Na5 Ba8
23.c4 Nf4 24.Nb3 Ne5 25.Bxe5+ fxe5 26.Rxd8 Rxd8 27.Nd2 Rd4 28.Kc2 e4 29.Nxe4 Bxe4+
30.fxe4 e5 31.g3 Ne6 32.Bd3 Nc5 33.Rd1 Nxd3 34.Rxd3 Rxe4 35.Kc3 h5 36.a4 h4
37.a5 Re2 38.gxh4 Rxh2 39.Rd5 Rxh4 40.Rxe5 Rh1 41.Re6 Kb7 42.Kd4 Ra1 43.Re5 Kc6
44.Rc5+ Kd6 45.Rh5 Kc6 46.Rh6+ Kb7 47.Rb6+ Ka7 48.c5 Rxa5 49.Kd5 Rb5 50.Rd6 Rb1
51.Kc6 Rc1  1/2-1/2

[Event "Testa GM"]
[Site "Griesheim GER"]
[Date "2004.01.24"]
[Round "5"]
[White "Galdunts,S"]
[Black "Prusikin,M"]
[Result "1/2-1/2"]
[WhiteElo "2506"]
[BlackElo "2519"]

1.e4 c5 2.Nc3 e6 3.Nf3 a6 4.d4 cxd4 5.Nxd4 Nc6 6.g3 d6 7.Bg2 Bd7 8.O-O Nf6
9.a4 Be7 10.Be3 O-O 11.Nxc6 Bxc6 12.a5 Nd7 13.Na4 f5 14.Nb6 Nxb6 15.Bxb6 Qd7
16.Re1 Bd8 17.Qd4 Bxb6 18.Qxb6 Rac8 19.c3 fxe4 20.Bxe4 Bxe4 21.Rxe4 Rc6 22.Qe3 d5
23.Re5 Rf6 24.f4 h6 25.Rd1 Qc7 26.f5 Rxf5 27.Rxf5 exf5 28.Rxd5 Rf6 29.Qd3 b5
30.b4 Qe7 31.Rxf5 Rxf5 32.Qxf5 Qe3+ 33.Kg2 Qxc3 34.Qe6+ Kh7 35.Qe4+ Kh8 36.h4 Qf6
37.h5 Qf7 38.Qa8+ Kh7 39.Qe4+ Kh8 40.g4 Qf6 41.Qf3 Qb2+ 42.Kh3 Qxb4 43.Qa8+ Kh7
44.Qxa6 Qc3+ 45.Kg2 Qd2+ 46.Kf3  1/2-1/2

[Event "1st WinTV Open"]
[Site "Chennai IND"]
[Date "2004.01.25"]
[Round "6"]
[White "Smirnov,P"]
[Black "Fominyh,A"]
[Result "1/2-1/2"]
[WhiteElo "2609"]
[BlackElo "2559"]

1.e4 c5 2.Nf3 e6 3.d4 cxd4 4.Nxd4 a6 5.Nc3 b5 6.Bd3 Qb6 7.Nf3 Nc6 8.O-O Qb8
9.Re1 Bd6 10.a4 b4 11.Nb1 Nge7 12.Nbd2 Ng6 13.Nc4 Bc7 14.Bf1 Nge5 15.Ncxe5 Nxe5
16.Nd4 Bb7 17.Qh5 O-O 18.Re3 g6 19.Qh4 Bd8 20.Qf4 Be7 21.Rh3 f6 22.Qg3 Qc7
23.Be3 Rf7 24.f3 Rc8 25.b3 Rg7 26.Rd1 g5 27.Rh5 Bc5 28.Rd2 Qd8 29.Qf2 Qe8
30.Rh6 Nf7 31.Rh3 Ne5 32.Rh6 Nf7 33.Rh3 Ne5  1/2-1/2

[Event "Gibraltar Masters"]
[Site "Catalan Bay ENG"]
[Date "2004.01.27"]
[Round "1"]
[White "Williams,P"]
[Black "Heyl,T"]
[Result "1/2-1/2"]
[WhiteElo "2279"]
[BlackElo "2059"]

1.e4 c5 2.Nf3 e6 3.d4 cxd4 4.Nxd4 a6 5.Nc3 Qc7 6.Bd3 Nf6 7.O-O Be7 8.Kh1 b5
9.a3 Bb7 10.Re1 d6 11.Bd2 O-O 12.a4 b4 13.Na2 a5 14.c3 bxc3 15.Nxc3 Na6 16.Bxa6 Rxa6
17.Ndb5 Qb8 18.Rc1 Rc8 19.f3 Nd7 20.Be3 Nc5 21.Bxc5 Rxc5 22.Qd3 Rh5 23.Qe2 Bh4
24.Red1 d5 25.f4 g6 26.Qg4 dxe4 27.h3 Bf2 28.Rd7 Bc8 29.Rc7 e3 30.Ne4 f5
31.Nf6+ Kf8 32.Qxh5 gxh5 33.Nxh7+ Kg8 34.Nf6+ Kf8  1/2-1/2

[Event "Open"]
[Site "Marianske Lazne CZE"]
[Date "2004.01.27"]
[Round "5"]
[White "Szoen,D"]
[Black "Bernasek,J"]
[Result "1-0"]
[WhiteElo "2284"]
[BlackElo "2381"]

1.e4 c5 2.Nc3 e6 3.Nf3 a6 4.d4 cxd4 5.Nxd4 b5 6.Bd3 Bb7 7.O-O Qc7 8.Re1 Nf6
9.Qf3 Bd6 10.Qh3 Be5 11.Nf3 d6 12.Nxe5 dxe5 13.a4 b4 14.Nb1 O-O 15.Nd2 Nbd7
16.Nb3 a5 17.Bg5 Bc6 18.Qe3 Rfc8 19.Rec1 Ne8 20.c3 Qb7 21.Qe2 bxc3 22.Rxc3 h6
23.Be3 Nef6 24.f3 Nh5 25.g3 f5 26.Rac1 Nhf6 27.Qc2 fxe4 28.Bb5 Nb8 29.Bxc6 Nxc6
30.Rxc6 Rf8 31.fxe4 Ng4 32.Bb6 Ra6 33.Qc5 Rf3 34.Nd2 Rf2 35.Qc4 Qf7 36.Rf1 Rxf1+
37.Qxf1 Qd7 38.Rc7 Ne3 39.Rxd7 Nxf1 40.Nc4  1-0

[Event "1st WinTV Open"]
[Site "Chennai IND"]
[Date "2004.01.28"]
[Round "9"]
[White "Vinuthna,N"]
[Black "Gokhale,J"]
[Result "0-1"]
[WhiteElo "2094"]
[BlackElo "2308"]

1.e4 c5 2.Nf3 e6 3.d4 cxd4 4.Nxd4 a6 5.Nc3 Qc7 6.Bd3 Nc6 7.Nxc6 dxc6 8.O-O e5
9.f4 Bc5+ 10.Kh1 Nf6 11.Qf3 Ng4 12.fxe5 Be6 13.Bf4 h5 14.Na4 Bd4 15.c3 Bxe5
16.Nc5 Bxf4 17.Qxf4 Qxf4 18.Rxf4 Ne5 19.Nxe6 fxe6 20.Bc2 Ke7 21.Kg1 Rad8
22.Rf2 Rd7 23.Rd1 Rhd8 24.Rxd7+ Rxd7 25.Re2 Rd8 26.Kf1 c5 27.Ke1 b5 28.a4 g5
29.axb5 axb5 30.Rd2 Ra8 31.b3 Ra3 32.Bd1 h4 33.Ke2 c4 34.Rb2 Nd3 35.Rb1 Ra2+
36.Kf1 b4 37.bxc4 bxc3 38.Rb3 Rf2+ 39.Kg1 Rd2 40.Rb1 c2 41.Bxc2 Rxc2 42.Rd1 Nf4
43.g3 Ne2+ 44.Kf1 h3 45.e5 Nxg3+ 46.Kg1 Rg2+  0-1

[Event "75th ch-GER"]
[Site "Hoeckendorf GER"]
[Date "2004.01.31"]
[Round "2"]
[White "Enders,P"]
[Black "Kalinitschew,S"]
[Result "1/2-1/2"]
[WhiteElo "2478"]
[BlackElo "2519"]

1.e4 c5 2.Nf3 e6 3.d4 cxd4 4.Nxd4 a6 5.Nc3 b5 6.Bd3 Qb6 7.Nb3 Qc7 8.Be3 Bb7
9.f4 Nf6 10.Qf3 d5 11.exd5 Nxd5 12.Nxd5 Bxd5 13.Be4 Bxe4 14.Qxe4 Qc6 15.Qxc6+ Nxc6  1/2-1/2

[Event "9th HIT Open"]
[Site "Nova Gorica SLO"]
[Date "2004.02.04"]
[Round "8"]
[White "Zelcic,R"]
[Black "Kengis,E"]
[Result "1/2-1/2"]
[WhiteElo "2524"]
[BlackElo "2572"]

1.e4 c5 2.Nf3 e6 3.d4 cxd4 4.Nxd4 a6 5.Nc3 b5 6.Bd3 Qb6 7.Nb3 Qc7 8.a4 b4
9.Ne2 Nc6 10.O-O Nf6 11.Bf4 d6 12.c3 Bb7 13.Rc1 Qd7 14.Nd2 Ne5 15.Bb1 bxc3
16.Rxc3 Be7 17.Qb3 O-O 18.Bxe5 dxe5 19.Rd3 Qc7 20.Rc1 Qb8 21.Rdc3 a5 22.Ng3 Bb4
23.Rd3 Ba6 24.Nc4 Qc7 25.Ba2 Rac8 26.Rdd1 h5 27.Qf3 Bb7 28.Nxh5 Nxh5 29.Qxh5 Bxe4
30.b3 Bg6 31.Qg5 Qe7 32.Qxe7 Bxe7 33.Bb1 Bg5 34.Rc3 Rfd8 35.Rf1 Bxb1 36.Rxb1 e4
37.Rc2 Rd3 38.Re2 Rb8 39.Nxa5 Bd8 40.Nc6 Rbxb3 41.Rbe1 f5 42.Nxd8 Rxd8 43.Ra2 Rd6
44.a5 Ra6 45.Rea1 Rb5 46.Kf1 Kf7 47.Ke2 Rd5 48.Ra3 Kf6 49.Ke3 g6 50.h4 Ke5
51.g3 Rc5 52.R1a2 Rd5 53.Ke2 Kf6 54.Ra4 Ke5  1/2-1/2

[Event "FSGM February"]
[Site "Budapest HUN"]
[Date "2004.02.07"]
[Round "1"]
[White "Papp,Ga"]
[Black "Livshits,G"]
[Result "0-1"]
[WhiteElo "2420"]
[BlackElo "2400"]

1.e4 c5 2.Nf3 e6 3.d4 cxd4 4.Nxd4 a6 5.Nc3 b5 6.Bd3 Qb6 7.Nb3 Qc7 8.O-O Bb7
9.f4 d6 10.Qe2 Nc6 11.a3 Nf6 12.Bd2 Be7 13.Rae1 Nd7 14.Kh1 Nc5 15.Nd5 Qd8
16.Nxc5 dxc5 17.Nxe7 Qxe7 18.e5 g6 19.c3 Rd8 20.Be3 O-O 21.b4 cxb4 22.axb4 Rfe8
23.Bb6 Rd7 24.Be4 Rb8 25.Bc5 Qe8 26.Rd1 Ne7 27.Rxd7 Qxd7 28.Rd1 Nd5 29.f5 gxf5
30.Bxd5 Bxd5 31.Bd6 Rc8 32.Qh5 Kh8 33.Qg5 f6 34.exf6 Qf7 35.Rxd5 exd5 36.Be5 Re8
37.Qxf5 Kg8 38.h4 Qg6 39.Qf4 h5 40.Kh2 Kh7 41.Bd4 Rf8 42.Qd6 Qf7 43.Qxa6 Qd7
44.Qa2 Kg6 45.g3 Re8 46.Qc2+ Re4 47.Qf2 Qe6 48.Qf3 Re2+ 49.Kg1 Qe4 50.Qxe4+ dxe4
51.Kf1 Rc2 52.Kg1 Kf7 53.Kf1 Ke6 54.Kg1 e3 55.Bxe3 Rxc3 56.Kf2 Rb3 57.Bc5 Kxf6
58.Kg2 Kf5 59.Kh3 Ke4 60.Kg2 Rb2+ 61.Kh3 Kf3 62.Be7 Rb1 63.Kh2 Kg4 64.Bd6 Rb2+
65.Kg1 Rd2 66.Be5 Rd5 67.Bf6 Kxg3  0-1

[Event "TCh-CZE Extraliga 2003-4"]
[Site "Czech Rep CZE"]
[Date "2004.02.07"]
[Round "6"]
[White "Cernousek,L"]
[Black "Bernard,B"]
[Result "0-1"]
[WhiteElo "2375"]
[BlackElo "2281"]

1.e4 c5 2.Nf3 e6 3.d4 cxd4 4.Nxd4 a6 5.Nc3 Qc7 6.Bd3 d6 7.O-O Nf6 8.Qe2 Be7
9.Bg5 O-O 10.Rae1 Bd7 11.Kh1 Nc6 12.Nxc6 Bxc6 13.f4 Rae8 14.e5 Nd7 15.Qh5 g6
16.Qh4 f6 17.Bxg6 hxg6 18.Qh6 Rf7 19.Qxg6+ Rg7 20.Qxe8+ Nf8 21.exf6 Bxe8
22.fxg7 Kxg7 23.Nd5 Qxc2 24.Nxe7 Qxb2 25.f5 e5 26.Rb1 Qe2 27.Rfd1 Nh7 28.Bh4 Qe4
29.Bg3 Nf6 30.Re1 Qc2 31.Rxb7 Bf7 32.Rb6 Qc7 33.Rxa6 Qxe7 34.Rd1 Ne4 35.Be1 Qc7
36.Ra4 Qc2  0-1

[Event "FSGM February"]
[Site "Budapest HUN"]
[Date "2004.02.11"]
[Round "5"]
[White "Wittmann,W"]
[Black "Papp,Ga"]
[Result "1/2-1/2"]
[WhiteElo "2326"]
[BlackElo "2420"]

1.e4 c5 2.Nf3 e6 3.d4 cxd4 4.Nxd4 a6 5.Nc3 b5 6.Bd3 Qb6 7.Nf3 Nc6 8.e5 Qb8
9.O-O Bb7 10.Re1 Nge7 11.Be4 Ng6 12.h4 d5 13.exd6 Qxd6 14.h5 Qxd1 15.Rxd1 Nge7
16.Bf4 f5 17.Bd3 b4 18.Ne2 Nd5 19.Bg3 Nd8 20.Re1 Be7 21.Ned4 f4 22.Bh4 Bxh4
23.Nxh4 Kf7 24.Nhf3 Kf6 25.Ne5 Rc8  1/2-1/2

[Event "2nd Breizh Masters B"]
[Site "Guingamp FRA"]
[Date "2004.02.13"]
[Round "1"]
[White "Terrieux,K"]
[Black "Parmentier,X"]
[Result "1/2-1/2"]
[WhiteElo "2262"]
[BlackElo "2335"]

1.e4 c5 2.Nc3 e6 3.Nf3 a6 4.d4 cxd4 5.Nxd4 b5 6.Be3 Bb7 7.a3 Qc7 8.Bd3 Nf6
9.O-O Nc6 10.Qe2 Ne5 11.h3 Rc8 12.f4 Nc4 13.Ndxb5 axb5 14.Nxb5 Qc6 15.Na7 Qc7
16.Nb5 Qc6 17.Na7 Qc7 18.Nb5  1/2-1/2

[Event "US Amateur Team East"]
[Site "Parsippany USA"]
[Date "2004.02.14"]
[Round "1"]
[White "Berg,G"]
[Black "Stokes,W"]
[Result "1/2-1/2"]
[WhiteElo "2163"]
[BlackElo "2015"]

1.e4 c5 2.Nf3 e6 3.d4 cxd4 4.Nxd4 a6 5.Nc3 Qc7 6.g3 Bb4 7.Bd2 Nf6 8.Bg2 h5
9.O-O h4 10.Ncb5 axb5 11.Bxb4 hxg3 12.Nxb5 gxf2+ 13.Rxf2 Qxh2+ 14.Kf1 b6
15.Qd6 Nc6 16.Qxh2 Rxh2 17.Bd6 Ba6 18.Bxh2 Bxb5+ 19.Kg1 Ng4 20.Rd2 e5 21.c3 Na5
22.Bf3 Nb3 23.Bxg4 Nxd2 24.Bxe5 Nxe4 25.Bd4 d5 26.Bxb6 Ra6 27.a4 Rxb6 28.axb5 Rg6
29.Ra8+ Ke7 30.Ra7+ Kd8 31.Rd7+ Kc8  1/2-1/2

[Event "FSGM February"]
[Site "Budapest HUN"]
[Date "2004.02.15"]
[Round "9"]
[White "Wittmann,W"]
[Black "Livshits,G"]
[Result "1-0"]
[WhiteElo "2326"]
[BlackElo "2400"]

1.e4 c5 2.Nf3 e6 3.d4 cxd4 4.Nxd4 a6 5.Nc3 b5 6.Bd3 Qb6 7.Nf3 Qc7 8.O-O Bb7
9.Re1 b4 10.Ne2 Nf6 11.Bf4 d6 12.Ng3 Nbd7 13.a3 bxa3 14.Rxa3 Be7 15.Qa1 O-O
16.Bxa6 Rxa6 17.Rxa6 Bxa6 18.Qxa6 e5 19.Bg5 Rb8 20.Nf5 Bf8 21.Bc1 Qxc2 22.Nxd6 Ng4
23.Rf1 Nxf2 24.Nxf7 Nc5 25.Qc6 Qxe4 26.N7xe5 Qxc6 27.Nxc6 Rb6 28.Nfe5 Nfe4
29.b4 Rb7 30.Be3 Nd7 31.Nd8 Rc7 32.Ne6 Bxb4 33.Nxc7 Nxe5 34.Rf4 Ba5 35.Rxe4 Bxc7
36.Bd4 Nc6 37.Bc3 Kf7 38.Kf1 Bxh2 39.Rh4 Bd6 40.Rxh7 Ne5 41.Rh8 g6 42.Ra8 Ng4
43.Ke2 Ke6 44.Kf3 Nh6 45.Ra6 Ke7 46.Ke4 Nf5 47.g4 Nh4 48.Kd5 Bg3 49.Ra7+ Kf8
50.Ke6  1-0

[Event "FSGM February"]
[Site "Budapest HUN"]
[Date "2004.02.16"]
[Round "10"]
[White "Antal,Ge"]
[Black "Fogarasi,T"]
[Result "0-1"]
[WhiteElo "2498"]
[BlackElo "2477"]

1.e4 c5 2.Nf3 e6 3.d4 cxd4 4.Nxd4 a6 5.Nc3 Qc7 6.Bd3 Nc6 7.Be3 Nf6 8.O-O Ne5
9.h3 Bc5 10.Kh1 d6 11.f4 Ng6 12.Qe1 Bd7 13.f5 Ne5 14.Qg3 O-O 15.Nce2 Kh8
16.Bg5 Rae8 17.fxe6 fxe6 18.Nf3 Nxd3 19.cxd3 e5 20.Nd2 Ng8 21.Qh4 Bb5 22.Nc4 Rf7
23.Nc3 Ref8 24.Rxf7 Qxf7 25.Nxb5 axb5 26.Nd2 Qf2 27.Qxf2 Rxf2 28.Rd1 h6 29.Bh4 Re2
30.b3 g5 31.Be1 b4 32.Bg3 Nf6 33.Bh2 g4 34.hxg4 Nxg4 35.Bg1 Bxg1 36.Kxg1 Ne3  0-1

[Event "2nd Breizh Masters B"]
[Site "Guingamp FRA"]
[Date "2004.02.17"]
[Round "5"]
[White "Vandevoort,P"]
[Black "Velikov,P"]
[Result "1-0"]
[WhiteElo "2379"]
[BlackElo "2447"]

1.e4 c5 2.Nf3 e6 3.d4 cxd4 4.Nxd4 a6 5.Nc3 Qc7 6.Bd3 Nf6 7.f4 d6 8.Qf3 Nbd7
9.Be3 Nc5 10.O-O b5 11.a3 Bb7 12.Rac1 Be7 13.f5 e5 14.Nb3 O-O 15.Nd2 Rac8
16.g4 d5 17.exd5 Qd7 18.Nde4 Nxd5 19.Nxd5 Bxd5 20.f6 Bxe4 21.Bxe4 Bxf6 22.Rcd1 Qe7
23.Bxc5 Qxc5+ 24.Kh1 Be7 25.Rd5 Qc7 26.Qd3 Bh4 27.Bxh7+ Kh8 28.Be4 Rcd8 29.Qh3 g5
30.Rxd8 Rxd8 31.Qf3 Qe7 32.Qf5 f6 33.Rf3 Kg8 34.Rc3 Qd7 35.Rd3 Qe7 36.Qg6+ Kf8
37.Qh6+  1-0

[Event "Tringov mem Open"]
[Site "Plovdiv BUL"]
[Date "2004.02.17"]
[Round "2"]
[White "Peev,P"]
[Black "Genov,Peta"]
[Result "0-1"]
[WhiteElo "2310"]
[BlackElo "2499"]

1.e4 c5 2.Nf3 e6 3.d4 cxd4 4.Nxd4 a6 5.Nc3 Qc7 6.Be3 Bb4 7.Ne2 Nf6 8.a3 Ba5
9.f3 Nc6 10.b4 Bb6 11.Bxb6 Qxb6 12.Qd6 Qe3 13.Rd1 b5 14.Rd3 Qa7 15.Nd4 Nxd4
16.Rxd4 Rb8 17.e5 Ng8 18.Bd3 Ne7 19.Rg4 Qe3+ 20.Kd1 Rb6 21.Qd4 Qxd4 22.Rxd4 Bb7
23.Kd2 f6 24.f4 Bc6 25.Be4 fxe5 26.fxe5 Bxe4 27.Rxe4 O-O 28.Rhe1 Rc6 29.R1e3 Rfc8
30.Rd3 Nd5 31.Nxd5 Rxc2+ 32.Ke3 exd5 33.Red4 Rxg2 34.Rxd5 Rxh2 35.Rxd7 Re8
36.Rd8 Rh3+ 37.Kf4 Rxd3 38.Rxd3 Kf7 39.Kf5 g6+ 40.Ke4 h5 41.Rd6 h4 42.Rxa6 h3
43.Rf6+ Kg7 44.Rf1 h2 45.Kd5 g5 46.Rh1 Rh8 47.Ke4 Kg6 48.e6 Kf6 49.e7 Rh4+
50.Kd5 Kxe7 51.Ke5 g4 52.Kf4 Kf6 53.a4 bxa4 54.b5 Ke6 55.Kg3 Rh8  0-1

[Event "FSIM February"]
[Site "Budapest HUN"]
[Date "2004.02.18"]
[Round "12"]
[White "Steiner,B"]
[Black "Juhasz,B"]
[Result "1-0"]
[WhiteElo "2254"]
[BlackElo "2263"]

1.e4 c5 2.Nf3 e6 3.d4 cxd4 4.Nxd4 a6 5.Nc3 Qc7 6.g3 Nf6 7.Bg2 d6 8.O-O Be7
9.Kh1 O-O 10.g4 Nc6 11.g5 Nxd4 12.Qxd4 Nd7 13.a4 b6 14.f4 Re8 15.f5 Bf8 16.Be3 Bb7
17.Rf2 Rac8 18.Raf1 Qc4 19.fxe6 fxe6 20.Qd1 Ne5 21.Bxb6 Qb4 22.Bd4 Nc6 23.Nd5 Qxd4
24.Qf3 Ne5 25.Qxf8+  1-0

[Event "5th Montenegro Open"]
[Site "Sozina SCG"]
[Date "2004.02.18"]
[Round "1"]
[White "Ardelean,G"]
[Black "Luksic,V"]
[Result "1-0"]
[WhiteElo "2447"]
[BlackElo "2175"]

1.e4 e6 2.Nf3 c5 3.d4 cxd4 4.Nxd4 a6 5.Nc3 Qc7 6.Bd3 d6 7.f4 Nd7 8.Qf3 Ne7
9.Be3 b5 10.a3 Nc6 11.O-O Bb7 12.Qg3 g6 13.Rad1 Be7 14.Nce2 d5 15.exd5 exd5
16.Nxc6 Bxc6 17.Bd4 O-O 18.Kh1 Bf6 19.Bxf6 Nxf6 20.Qh4 Kg7 21.f5 Rae8 22.Nd4 Bb7
23.Rf3 Qe5 24.Rdf1 Bc8 25.c3 Bd7 26.g4 h5 27.gxh5 gxh5 28.Rg3+ Kh7 29.Rg5 Kh6
30.Nf3 Qe3 31.Rg3 Nh7 32.Rfg1 Qxd3 33.Qxh5+  1-0

[Event "5th Montenegro Open"]
[Site "Sozina SCG"]
[Date "2004.02.18"]
[Round "1"]
[White "Cela,S"]
[Black "Markus,R"]
[Result "0-1"]
[WhiteElo "2274"]
[BlackElo "2527"]

1.e4 c5 2.Nf3 e6 3.d4 cxd4 4.Nxd4 a6 5.Nc3 Qc7 6.Be2 Nf6 7.O-O Nc6 8.Be3 Be7
9.f4 d6 10.Kh1 O-O 11.Qe1 Bd7 12.Qg3 Kh8 13.Rae1 Rae8 14.Nb3 b5 15.a3 Bc8
16.Bf3 Nd7 17.Nd4 Bb7 18.e5 dxe5 19.fxe5 Nxd4 20.Bxd4 Bxf3 21.Rxf3 Bc5 22.Bxc5 Qxc5
23.Rf2 Qc7 24.Rd2 Nb6 25.b3 Rd8 26.Red1 Rxd2 27.Rxd2 h6 28.Ne4 Nd5 29.Nd6 Qa5
30.Qd3 Qxa3 31.Rf2 Kg8 32.Qf3 f6 33.c4 Qa1+ 34.Rf1 Qxe5 35.c5 f5 36.h3 Rf6
37.Qf2 Rg6 38.Re1 Qc3 39.Re2 Qxb3  0-1

[Event "2nd Breizh Masters B"]
[Site "Guingamp FRA"]
[Date "2004.02.21"]
[Round "9"]
[White "Parmentier,X"]
[Black "Velikov,P"]
[Result "0-1"]
[WhiteElo "2335"]
[BlackElo "2447"]

1.e4 c5 2.Nf3 e6 3.d4 cxd4 4.Nxd4 a6 5.Nc3 Qc7 6.Bd3 Nf6 7.O-O d6 8.f4 Nbd7
9.Qf3 b5 10.Kh1 Bb7 11.Bd2 Nc5 12.b4 Nxd3 13.cxd3 Be7 14.Rfc1 Qd7 15.a4 bxa4
16.Nxa4 Bd8 17.Nb3 Bc6 18.Nb2 O-O 19.Nc4 Bc7 20.Nca5 Bxa5 21.Rxa5 Rfc8 22.Qe3 Ne8
23.Bc3 Bb7 24.Rg5 f6 25.Rg3 Rc7 26.e5 Rac8 27.Qd2 Bd5 28.exd6 Qxd6 29.Nc5 Rc6
30.Ra1 Kh8 31.Qe3 Nc7 32.Qd4 Qe7 33.Bd2 Nb5 34.Qb2 Nd6 35.Re3 Nf5 36.Re2 Qd6
37.Ra5 Rb6 38.Qa1 Nd4 39.Rf2 Nb3 40.Nxb3 Bxb3 41.d4 Rd8 42.Bc3 Bd5 43.f5 exf5
44.Rxf5 Qe6 45.Rf1 Qe2 46.Rg1 Re6 47.Qb2 h6 48.Qxe2 Rxe2 49.b5 axb5 50.Rxb5 f5
51.Rb2 Rde8 52.Rxe2 Rxe2 53.Bb4 f4 54.Bd6 f3 55.h3 f2  0-1

[Event "ch-CZE w"]
[Site "Karlovy Vary CZE"]
[Date "2004.02.21"]
[Round "1"]
[White "Hitzgerova,G"]
[Black "Herberova,H"]
[Result "1-0"]
[WhiteElo "2190"]
[BlackElo "2049"]

1.e4 c5 2.Nf3 e6 3.d4 cxd4 4.Nxd4 a6 5.Nc3 Qc7 6.Be2 Bb4 7.Bd2 Nc6 8.Nxc6 bxc6
9.O-O Bd6 10.f4 Nf6 11.Kh1 Be7 12.e5 Nd5 13.Ne4 c5 14.c4 Nb6 15.b3 Rb8 16.Bc3 O-O
17.Bd3 g6 18.Qg4 Bb7 19.Nf6+ Bxf6 20.exf6 h5 21.Qg5 Kh7 22.Qxh5+  1-0

[Event "Tringov mem Open"]
[Site "Plovdiv BUL"]
[Date "2004.02.21"]
[Round "8"]
[White "Bonev,T"]
[Black "Nikolov,M"]
[Result "0-1"]
[WhiteElo "2135"]
[BlackElo "2359"]

1.e4 c5 2.Nf3 e6 3.d4 cxd4 4.Nxd4 a6 5.Nc3 Qc7 6.Be2 Nf6 7.O-O Be7 8.Be3 O-O
9.f4 d6 10.Bf3 Nc6 11.Qe1 Nxd4 12.Bxd4 e5 13.Be3 exf4 14.Bxf4 Be6 15.Kh1 Nd7
16.Rd1 Ne5 17.Nd5 Bxd5 18.exd5 Ng6 19.Be4 Nxf4 20.Rxf4 g6 21.Bd3 Bg5 22.Re4 Bf6
23.c3 Be5 24.Qh4 Rae8 25.Rde1 f5 26.R4e2 Qg7 27.c4 b6 28.b4 Bf6 29.Qf4 Rxe2
30.Rxe2 Bg5 31.Qg3 Bf4 32.Qe1 Qd4 33.Qd1 Be5 34.g3 Qc3 35.Qd2 Qd4 36.Kg2 f4
37.Re4 f3+ 38.Kf1 Qa1+ 39.Re1 Qc3 40.Qxc3 Bxc3 41.Rb1 Bd4 42.c5 bxc5 43.bxc5 Bxc5
44.Bxa6 Ra8 45.Bc4 Kg7 46.Rb3 f2 47.Rb7+ Kf6 48.Rb2 h5 49.Re2 Kg5 50.Bb3 h4
51.Re4 hxg3 52.hxg3 Rh8 53.Rh4 Re8 54.Bc4 Re1+ 55.Kg2 Rg1+  0-1

[Event "5th Montenegro Open"]
[Site "Sozina SCG"]
[Date "2004.02.21"]
[Round "4"]
[White "Perunovic,Mio"]
[Black "Cabrilo,G"]
[Result "0-1"]
[WhiteElo "2356"]
[BlackElo "2484"]

1.e4 c5 2.Nf3 e6 3.d4 cxd4 4.Nxd4 a6 5.Nc3 Nc6 6.Be2 d6 7.O-O Nf6 8.Be3 Bd7
9.a4 Be7 10.Nb3 Na5 11.Nd2 Qc7 12.f4 O-O 13.Bd3 Nc6 14.Nc4 d5 15.Bb6 Qc8
16.Nd2 dxe4 17.Ndxe4 Nb4 18.Nxf6+ Bxf6 19.Ne4 Be7 20.Bd4 f6 21.Qe2 Nxd3 22.Qxd3 Bc6
23.Bb6 Bd5 24.Rfe1 Qc6 25.a5 f5 26.Nc3 Bxg2 27.Qe2 Rf6  0-1

[Event "ch-CZE"]
[Site "Karlovy Vary CZE"]
[Date "2004.02.22"]
[Round "6"]
[White "Jansa,Vl"]
[Black "Voloshin,L"]
[Result "1/2-1/2"]
[WhiteElo "2477"]
[BlackElo "2522"]

1.e4 c5 2.Nf3 e6 3.Nc3 a6 4.d4 cxd4 5.Nxd4 Qc7 6.Bd3 Nf6 7.O-O Be7 8.Kh1 d6
9.f4 O-O 10.Qe2 Nbd7 11.Nf3 Ne8 12.e5 g6 13.Ne4 b5 14.a4 d5 15.Nf2 bxa4 16.Rxa4 Nc5
17.Ra1 Ng7 18.Ng4 Nf5 19.Nf6+ Bxf6 20.exf6 Ne4 21.Qe1 Nxf6 22.b3 Ne4 23.g4 Nfd6
24.Bb2 Bb7 25.Nd4 Qe7 26.Qe3 f6 27.Bxe4 Nxe4 28.Ba3 Qd7 29.Bxf8 Rxf8 30.g5 fxg5
31.fxg5 Re8 32.Qh3 Qe7 33.Rae1 e5 34.Nf3 d4 35.Kg1 Nxg5 36.Nxg5 Qxg5+ 37.Qg3 Qe7
38.h4 Qc5 39.Rf2 Qd5 40.Kh2 e4 41.Rf6 Kg7 42.Rd6 Qc5 43.Rd7+ Re7 44.Rxe7+ Qxe7
45.Qf4 Qc5 46.Rf1 Qe7 47.Kg3 Bc6 48.Rf2 Bb5 49.Rd2 d3 50.cxd3 Bxd3 51.Rf2 Bb5
52.Rc2 Kg8 53.Rc8+ Be8 54.Qb8 Kf8 55.Qc7 Qe6 56.Qc5+ Kg7 57.Rc7+ Bf7 58.Qd4+ Kh6
59.Qe3+ Kg7 60.Qd4+ Kh6 61.b4 e3 62.Rc3 e2 63.Qe3+ Qxe3+ 64.Rxe3 Bc4 65.Re5 Kg7
66.Kf2  1/2-1/2

[Event "II GM-Tage"]
[Site "Pulvermuehle GER"]
[Date "2004.02.22"]
[Round "5"]
[White "Hector,J"]
[Black "Bezold,M"]
[Result "1/2-1/2"]
[WhiteElo "2518"]
[BlackElo "2456"]

1.e4 c5 2.Nf3 e6 3.d4 cxd4 4.Nxd4 a6 5.Nc3 Ne7 6.Be3 Nbc6 7.Nb3 Ng6 8.Qh5 b5
9.O-O-O Be7 10.f4 O-O 11.Bd3 Qe8 12.e5 f5 13.exf6 gxf6 14.f5 Nge5 15.Qh3 Nxd3+
16.Rxd3 Ne5 17.Rd4 Kh8 18.Rh4 Qf7 19.Rf1 Nc4 20.Bg1 e5 21.Rd1 d6 22.Nd5 Bb7
23.Nc7 Rac8 24.Ne6 Rg8 25.g4 Bf8 26.Nd2 Nxd2 27.Rxd2 d5 28.Rh5 d4 29.g5 fxg5
30.Rxd4 Bg2 31.Qxg2 Qxh5 32.Rd7 Bg7 33.Rxg7 Rxg7 34.Nxg7 Qh4 35.Qe2 Kxg7
36.Qxe5+ Kh6 37.Qe6+ Kh5 38.b3 Qf4+ 39.Kb2 Qc7 40.Qe2+ g4 41.Bd4 Qf4 42.c3 Qxf5
43.h3 Rg8 44.hxg4+ Rxg4 45.Qh2+ Rh4 46.Qe2+ Rg4 47.Qh2+ Rh4 48.Qe2+ Kg6 49.Qg2+ Rg4
50.Qc6+ Kh5 51.Qe8+ Rg6 52.Qe2+ Rg4  1/2-1/2

[Event "5th Montenegro Open"]
[Site "Sozina SCG"]
[Date "2004.02.22"]
[Round "5"]
[White "Ionica,I"]
[Black "Abramovic,B"]
[Result "1-0"]
[WhiteElo "2271"]
[BlackElo "2484"]

1.e4 c5 2.Nf3 e6 3.d4 cxd4 4.Nxd4 a6 5.Nc3 b5 6.Bd3 Bb7 7.Qe2 Ne7 8.O-O Nbc6
9.Nb3 Ng6 10.f4 Nb4 11.f5 Ne5 12.Bf4 Nbc6 13.a4 b4 14.Nd5 Bd6 15.a5 O-O 16.Nb6 Ra7
17.Qe3 Ng4 18.Qg3 Bxf4 19.Qxf4 Nge5  1-0

[Event "ch-CZE"]
[Site "Karlovy Vary CZE"]
[Date "2004.02.23"]
[Round "7"]
[White "Laznicka,V"]
[Black "Bernasek,J"]
[Result "1-0"]
[WhiteElo "2429"]
[BlackElo "2381"]

1.e4 c5 2.Nf3 e6 3.d4 cxd4 4.Nxd4 a6 5.Nc3 Qc7 6.Bd3 Nc6 7.Nxc6 dxc6 8.O-O e5
9.f4 Nf6 10.f5 Bc5+ 11.Kh1 b5 12.Qf3 Bb7 13.a4 Rd8 14.Qg3 Kf8 15.Bg5 h6 16.Bh4 Be7
17.Qf3 Nd7 18.Be1 Kg8 19.Ne2 Ra8 20.Ng3 Nf6 21.Nh5 Nxh5 22.Qxh5 Bf6 23.Bf2 c5
24.axb5 axb5 25.Bxb5 Bxe4 26.Bc4 Rxa1 27.Rxa1 Kh7 28.Bxf7 Rf8 29.Be6 Qc6
30.Qg4 Rb8 31.Be3 Bd5 32.Bxd5 Qxd5 33.Bxh6 Rxb2 34.Bg5 Bxg5 35.Qxg5 Rb6 36.h3 Qd4
37.Re1 Rf6 38.Qh5+ Rh6 39.Qe2 Qc3 40.Qe4 Rf6 41.Kh2 Kh8 42.Rd1 Kh7 43.Rd5 c4
44.Rxe5 Qb2 45.Re6 Qb8+ 46.Qe5 Qd8 47.c3 Rf7 48.Qf4 Rf8 49.Re4 Qd5 50.Rxc4 Rxf5
51.Qh4+ Kg6 52.Qg3+ Kh7 53.Rd4 Qc5 54.Qh4+ Kg6 55.Rg4+ Kf7 56.Qg3 g5 57.Rd4 Qe5
58.Qxe5 Rxe5 59.c4 Re2 60.Kg3 Ke6 61.Kf3 Rc2 62.Rg4 Rc3+ 63.Ke2 Kf5 64.Kd2 Ra3
65.c5 Ra6 66.Kc3 Ra1 67.Kb4  1-0

[Event "ch-CZE junior"]
[Site "Karlovy Vary CZE"]
[Date "2004.02.23"]
[Round "7"]
[White "Priborsky,J"]
[Black "Londyn,R"]
[Result "1-0"]
[WhiteElo "2229"]
[BlackElo "2216"]

1.e4 c5 2.Nf3 e6 3.d4 cxd4 4.Nxd4 a6 5.Nc3 Qc7 6.Bd3 Nc6 7.Be3 Nf6 8.O-O Nxd4
9.Bxd4 Bc5 10.Bxc5 Qxc5 11.Kh1 d6 12.Qe1 e5 13.f4 Be6 14.f5 Bd7 15.Qg3 Rg8
16.Be2 Bc6 17.Bf3 h6 18.Rab1 Rc8 19.Rfd1 b5 20.a3 a5 21.Qe1 b4 22.axb4 axb4
23.Na2 Rb8 24.c3 bxc3 25.b4 Qc4 26.Nxc3 Ke7 27.Be2  1-0